| 000 | 00733nam a2200241 a 4500 | ||
|---|---|---|---|
| 001 | BRCA_8166 | ||
| 005 | 20190320210147.0 | ||
| 008 | 070514s1956----sz-a###f##---#000-0#eng-# | ||
| 041 | _aeng | ||
| 044 | _asz | ||
| 050 | 4 |
_aTX641 _b.G37 _c1956 |
|
| 245 | 1 | 0 |
_aGastronomy and old tableware in Switzerland _bon the main road through the Leopold Hess _cEnglish adaptation R. A. Langford. |
| 260 |
_aZurich _bSwiss National _c1956 |
||
| 300 |
_a48 p. _bil. a color _c18 cm. |
||
| 500 | _aX68 | ||
| 600 | 1 | 4 |
_aHess, Leopold _vColeccionista _920352 |
| 650 | 1 | 4 |
_aGastronomÃa _zSuiza _920353 |
| 650 | 1 | 4 |
_aVajillas _zSuiza _920354 |
| 650 | 1 | 4 |
_aPorcelana _zSuiza _918779 |
| 700 | 1 |
_aLangford, R. A. _920355 |
|
| 902 | _aGFM | ||
| 942 |
_2lcc _cB |
||
| 999 |
_c7834 _d7834 |
||